Les élargissements (et rétrécissement) de l'Union Européenne - Statistiques

Statistiques générales
  • Ce quiz a été pris 363 fois
  • Le résultat moyen est 20 sur 29
Statistiques - réponses
Hint Réponse % Correct
1957 - L'Europe des 6 - Les fondateurs Allemagne
98%
1957 - L'Europe des 6 - Les fondateurs Belgique
92%
1957 - L'Europe des 6 - Les fondateurs France
89%
1957 - L'Europe des 6 - Les fondateurs Italie
85%
1957 - L'Europe des 6 - Les fondateurs Luxembourg
81%
1957 - L'Europe des 6 - Les fondateurs Pays-Bas
79%
1986 - L'Europe des 12 Espagne
76%
1986 - L'Europe des 12 Portugal
76%
1973 - L'Europe des 9 Royaume-Uni
75%
1981 - L'Europe des 10 Grèce
72%
1995 - L'Europe des 15 Autriche
71%
1973 - L'Europe des 9 Danemark
71%
1973 - L'Europe des 9 Irlande
71%
1995 - L'Europe des 15 Suède
69%
1995 - L'Europe des 15 Finlande
68%
2013 - L'Europe des 28 Croatie
67%
2020 - L'Europe des 27 Royaume-Uni
67%
2004 - L'Europe des 27 Roumanie
62%
2004 - L'Europe des 27 Bulgarie
61%
2004 - L'Europe des 25 Estonie
59%
2004 - L'Europe des 25 Lettonie
58%
2004 - L'Europe des 25 Chypre
57%
2004 - L'Europe des 25 Lituanie
57%
2004 - L'Europe des 25 Pologne
56%
2004 - L'Europe des 25 Slovaquie
56%
2004 - L'Europe des 25 Hongrie
55%
2004 - L'Europe des 25 Slovénie
55%
2004 - L'Europe des 25 Malte
53%
2004 - L'Europe des 25 Tchéquie
52%
Aucun quiz correspondant
Distribution des résultats
% des personnes avec chaque résultat
Percentile par nombre de réponses
Votre historique - résultats
Vous n’avez pas pris ce quiz